| 000 | 00685nas a2200229 a 4500 | ||
|---|---|---|---|
| 999 |
_c34734 _d34734 |
||
| 003 | OSt | ||
| 005 | 20250307213546.0 | ||
| 007 | cb e | ||
| 008 | 030604c2022 esp r 00011 spa d | ||
| 022 | _a2226-9703 | ||
| 040 | _cBMC | ||
| 082 | _a310.7284 | ||
| 082 | _a500.7284 | ||
| 082 | _a600.7284 | ||
| 245 | 0 | 0 |
_aIndicadores de recursos humanos en ciencia y tecnología _b: El Salvador 2010-2019 |
| 260 |
_aSan Salvador, El Salvador _bConsejo Nacional de Ciencia y Tecnología _c2022 |
||
| 300 |
_a105 p. _c28 cm |
||
| 650 | 2 | 4 |
_aCiencia _932953 _zEl Salvador |
| 650 | 2 | 4 |
_aTecnología _932954 _zEl Salvador |
| 651 | 2 | 4 |
_99356 _aEl Salvador _xEstadísticas |
| 942 |
_2ddc _cPR |
||